|
|
|
|
| LEADER |
00829nam a2200217 a 4500 |
| 001 |
4060158 |
| 008 |
100222s1966 njua b 000 0 eng d |
| 010 |
|
|
|a 66010053
|
| 040 |
|
|
|a DLC
|c DLC
|d DLC
|d BD-DhAAL
|
| 082 |
0 |
0 |
|a 301.35
|2 16
|
| 100 |
1 |
|
|a Wolf, Eric R.,
|d 1923-
|
| 245 |
1 |
0 |
|a Peasants /
|c Eric R. Wolf.
|
| 260 |
|
|
|a Englewood Cliffs, N.J.,
|b Prentice-Hall
|c 1966-
|
| 300 |
|
|
|a xii, 116 p.
|b illus.
|c 24 cm.
|
| 490 |
0 |
|
|a Foundations of modern anthropology series
|
| 504 |
|
|
|a Includes bibliographical references and "Selected references" (p. 110-113.)
|
| 541 |
1 |
|
|e 00000200
|
| 650 |
|
0 |
|a Peasants.
|
| 852 |
4 |
|
|a Ayesha Abed Library
|j General shelf
|
| 999 |
|
|
|c 7915
|d 7915
|
| 952 |
|
|
|0 0
|1 0
|2 ddc
|4 0
|6 301_350000000000000_WOL_1966
|7 0
|9 8880
|a BRACUL
|b BRACUL
|c GEN
|d 2010-03-30
|g 363.00
|l 0
|o 301.35 WOL
|p 3010000200
|r 2010-03-30
|t 1
|w 2010-03-30
|y BK
|